| 000 | 00679nam a2200217Ia 4500 | ||
|---|---|---|---|
| 001 | 4224 | ||
| 003 | GE_BSU | ||
| 008 | 181216s||||||||xx |||||||||||||| ||und|| | ||
| 040 | _cGE_BSU | ||
| 080 | _a543.5(075) | ||
| 100 | _aБарковский В.Ф. Горелик,С.М. Городенцева,Т.Б. | ||
| 245 | _aФизико-химические методы анализа. | ||
| 245 | _bУчебник. | ||
| 245 | _cРед. Г.С.Гольденберг. | ||
| 260 | _aМ. | ||
| 260 | _bВысш. школа. | ||
| 260 | _c1972. | ||
| 300 | _a344стр. 22см. с илл. | ||
| 653 | _aФизико-химические методы анализа. | ||
| 942 | _cBK | ||
| 999 |
_c38234 _d38234 |
||